[Event "4.liga A22 2019/2020"]
[Site "?"]
[Date "2020.01.26"]
[Round "7.2"]
[White "Petras, Stefan"]
[Black "Nemcovic, Peter"]
[Result "1-0"]
[WhiteElo "1698"]
[BlackElo "1638"]
[PlyCount "111"]
[EventDate "2019.10.13"]
[WhiteTeam "ŠK Dolná Krupá"]
[BlackTeam "ŠK Lokomotíva Trnava C"]

1. e4 e6 2. d4 d5 3. Nc3 a6 4. Nf3 dxe4 5. Nxe4 Nd7 6. Be2 Ngf6 7. Bg5 Be7 8.
O-O O-O 9. c3 b6 10. Qc2 Bb7 11. Bd3 h6 12. Bh4 Rc8 13. Rad1 Kh8 14. Rfe1 Re8
15. h3 Nh5 16. Bxe7 Qxe7 17. Qc1 c5 18. dxc5 Nxc5 19. Bc2 Red8 20. Rxd8+ Rxd8
21. Nxc5 Qxc5 22. Re5 Rd5 23. Rxd5 Bxd5 24. Qd2 g5 25. b4 Qc4 26. Bb3 Qf4 27.
Bxd5 Qxd2 28. Nxd2 exd5 29. g3 b5 30. Nb3 Nf6 31. f3 Nd7 32. Kf2 Kg7 33. Ke3
Kf6 34. Nc5 Nb8 35. Kd4 Kf5 36. Kxd5 h5 37. Nb3 Nd7 38. Nd4+ Kf6 39. Kc6 Ne5+
40. Kb6 Nd3 41. Kxa6 Nf2 42. Kxb5 Nxh3 43. a4 Nf4 44. a5 Nd5 45. Kc4 Nc7 46. b5
h4 47. gxh4 gxh4 48. Ne2 Ke6 49. Kc5 Kd7 50. a6 Kc8 51. c4 f5 52. Ng1 f4 53.
Kb6 Ne6 54. a7 Nc7 55. Kc6 Ne6 56. a8=Q# 1-0

[Event "4.liga A22 2019/2020"]
[Site "?"]
[Date "2020.01.26"]
[Round "7.2"]
[White "Moravec, Milan"]
[Black "Bohunicky, Pavol"]
[Result "1/2-1/2"]
[WhiteElo "1598"]
[BlackElo "1607"]
[PlyCount "83"]
[EventDate "2019.10.13"]
[WhiteTeam "ŠK Lokomotíva Trnava C"]
[BlackTeam "ŠK Dolná Krupá"]

1. d4 Nf6 2. c4 g6 3. Nc3 Bg7 4. e4 d6 5. f3 O-O 6. Be3 Nh5 7. Bd3 e5 8. d5
Qh4+ 9. Bf2 Qd8 10. Be3 Nf4 11. Bxf4 exf4 12. Qd2 Qh4+ 13. Qf2 Qxf2+ 14. Kxf2
Bd4+ 15. Ke1 a6 16. Nge2 Be5 17. b4 a5 18. b5 b6 19. a4 Nd7 20. Rd1 Nc5 21. Bc2
Bd7 22. Nd4 Rae8 23. Kf2 Re7 24. Nce2 Rfe8 25. Nc6 Bxc6 26. dxc6 Kg7 27. Nc1 h6
28. Nd3 Bd4+ 29. Ke2 Nxd3 30. Rxd3 Bc5 31. Rhd1 f5 32. Rd5 fxe4 33. Bxe4 Re5
34. Rxe5 Rxe5 35. Rd5 Rxd5 36. cxd5 Bg1 37. h3 Kf6 38. Kf1 Bc5 39. Ke2 Kg5 40.
Kf1 Kh5 41. Bc2 g5 42. Bf5 1/2-1/2

[Event "4.liga A22 2019/2020"]
[Site "?"]
[Date "2020.01.26"]
[Round "7.2"]
[White "Rendek, Jozef"]
[Black "Dzivak, Jozef"]
[Result "1-0"]
[WhiteElo "1536"]
[BlackElo "1000"]
[PlyCount "67"]
[EventDate "2019.10.13"]
[WhiteTeam "ŠK Dolná Krupá"]
[BlackTeam "ŠK Lokomotíva Trnava C"]

1. e4 c5 2. Nf3 Nc6 3. Bc4 g6 4. Nc3 Bg7 5. O-O Nf6 6. a3 O-O 7. d3 Qc7 8. Be3
d6 9. Qd2 Ng4 10. Bf4 Nce5 11. Nxe5 Nxe5 12. Ba2 c4 13. Bxe5 Bxe5 14. Bxc4 d5
15. Nxd5 Bxh2+ 16. Kh1 Qd6 17. Nxe7+ Qxe7 18. Kxh2 Qe5+ 19. g3 Qh5+ 20. Kg1 Bh3
21. Qf4 Bxf1 22. Rxf1 Rac8 23. Kg2 Qe2 24. Bb3 Kg7 25. Rh1 h5 26. Qe5+ Kh7 27.
Qe7 Kg7 28. Qxb7 Rb8 29. Qxa7 Rbc8 30. Qd4+ Kh7 31. Qf6 Kg8 32. Rh4 Qd2 33. Rf4
Rc7 34. Qxg6+ 1-0

[Event "4.liga A22 2019/2020"]
[Site "?"]
[Date "2020.01.26"]
[Round "7.3"]
[White "Malar, Pavol"]
[Black "Vegh, Vince"]
[Result "0-1"]
[WhiteElo "2085"]
[BlackElo "1917"]
[PlyCount "62"]
[EventDate "2019.10.13"]
[WhiteTeam "ŠK Hlohovec A"]
[BlackTeam "MŠK Corvin Veľký Meder"]

1. e4 c5 2. Nf3 Nc6 3. Bb5 e5 4. O-O Bd6 5. c3 Nf6 6. Re1 O-O 7. d4 Re8 8. Nbd2
Qc7 9. d5 Ne7 10. Nf1 h6 11. Ng3 a6 12. Ba4 b5 13. Bc2 Rf8 14. Nh4 Kh7 15. Qf3
Nfg8 16. Ngf5 Ng6 17. Qg4 Be7 18. f4 d6 19. Qg3 Bf6 20. Nf3 Bxf5 21. exf5 Nxf4
22. Bxf4 exf4 23. Qxf4 Rfe8 24. Re4 Ne7 25. Qd2 Kg8 26. Rae1 Kf8 27. g4 Qb7 28.
Kg2 Qxd5 29. Qxd5 Nxd5 30. Rd1 Rxe4 31. Bxe4 Ne3+ 0-1

[Event "4.liga A22 2019/2020"]
[Site "?"]
[Date "2020.01.26"]
[Round "7.3"]
[White "Csefalvay, Stefan"]
[Black "Bisco, Igor"]
[Result "0-1"]
[WhiteElo "1761"]
[BlackElo "1990"]
[PlyCount "36"]
[EventDate "2019.10.13"]
[WhiteTeam "MŠK Corvin Veľký Meder"]
[BlackTeam "ŠK Hlohovec A"]

1. Nf3 Nf6 2. g3 g6 3. Bg2 Bg7 4. c4 c5 5. Nc3 Nc6 6. O-O O-O 7. d3 d6 8. h3
Bd7 9. Kh2 Rb8 10. e3 a6 11. Rb1 b5 12. Qd2 bxc4 13. dxc4 Bf5 14. Ra1 Ne4 15.
Nxe4 Bxe4 16. a3 Na5 17. Qe2 Nb3 18. Ra2 Bb1 0-1

[Event "4.liga A22 2019/2020"]
[Site "?"]
[Date "2020.01.26"]
[Round "7.3"]
[White "Gajarsky, Roman"]
[Black "Szabo, Julius"]
[Result "1/2-1/2"]
[WhiteElo "1772"]
[BlackElo "1642"]
[PlyCount "59"]
[EventDate "2019.10.13"]
[WhiteTeam "ŠK Hlohovec A"]
[BlackTeam "MŠK Corvin Veľký Meder"]

1. d4 d5 2. e3 Nf6 3. c4 dxc4 4. Bxc4 e6 5. Nc3 Be7 6. Qf3 c6 7. Nge2 Nbd7 8.
h4 Nb6 9. Bb3 Nbd5 10. e4 Nxc3 11. bxc3 Qa5 12. Bd2 Qh5 13. Qxh5 Nxh5 14. e5 g6
15. g4 Ng7 16. Bh6 Rg8 17. Bd2 b6 18. Bc2 Bb7 19. Be4 Rb8 20. a4 c5 21. f3 cxd4
22. cxd4 f6 23. Bxb7 Rxb7 24. f4 Rc7 25. Rh3 Kf7 26. a5 Rgc8 27. axb6 axb6 28.
Kd1 Rb7 29. Rb1 Rc4 30. h5 1/2-1/2

[Event "4.liga A22 2019/2020"]
[Site "?"]
[Date "2020.01.26"]
[Round "7.3"]
[White "Pszota, Mate"]
[Black "Barca, Michal"]
[Result "1/2-1/2"]
[WhiteElo "1575"]
[BlackElo "1736"]
[PlyCount "108"]
[EventDate "2019.10.13"]
[WhiteTeam "MŠK Corvin Veľký Meder"]
[BlackTeam "ŠK Hlohovec A"]

1. f4 d5 2. g3 Nf6 3. Nf3 e6 4. Bg2 c5 5. d3 Qb6 6. Ne5 Bd6 7. e4 dxe4 8. Nc4
Qc7 9. dxe4 Be7 10. e5 Nfd7 11. Nc3 O-O 12. O-O a6 13. Ne4 Nc6 14. Ned6 Rb8 15.
b3 b5 16. Nxc8 Rfxc8 17. Nd6 Rd8 18. Qh5 Bxd6 19. exd6 Qxd6 20. Rd1 Qc7 21. Bb2
Nd4 22. b4 Nf6 23. Qxc5 Qxc5 24. bxc5 Nxc2 25. Rxd8+ Rxd8 26. Rc1 Ne3 27. Bb7
Rd2 28. Bxf6 gxf6 29. c6 Nd5 30. c7 Nxc7 31. Rxc7 Rxa2 32. Bc6 Kf8 33. Rc8+ Ke7
34. Rb8 Rb2 35. Rb6 Ra2 36. Bb7 Kd7 37. Bxa6 Kc7 38. Rxb5 Rxa6 39. Rh5 Kd7 40.
Rxh7 Ke7 41. Kf2 f5 42. Kg2 Ra2+ 43. Kh3 Rc2 44. g4 Rc3+ 45. Kh4 Rc4 46. Kg5
fxg4 47. Kxg4 e5 48. Kf5 exf4 49. Rh3 Kf8 50. Rf3 Kg7 51. h4 Ra4 52. h5 Rc4 53.
Rh3 Kh6 54. Rf3 Rc5+ 1/2-1/2

[Event "4.liga A22 2019/2020"]
[Site "?"]
[Date "2020.01.26"]
[Round "7.3"]
[White "Janas, Peter"]
[Black "Boros, David"]
[Result "1-0"]
[WhiteElo "1734"]
[BlackElo "1101"]
[PlyCount "111"]
[EventDate "2019.10.13"]
[WhiteTeam "ŠK Hlohovec A"]
[BlackTeam "MŠK Corvin Veľký Meder"]

1. Nc3 e5 2. e4 Nf6 3. Nf3 Nc6 4. Bb5 Bb4 5. O-O O-O 6. Nd5 Bd6 7. d3 Nxd5 8.
exd5 Ne7 9. c4 c6 10. dxc6 Nxc6 11. Re1 Re8 12. a3 a5 13. Bd2 b6 14. Bc3 f6 15.
Rb1 Ba6 16. Bxa6 Rxa6 17. b4 Ra7 18. Qb3 a4 19. Qa2 Ne7 20. c5+ Kh8 21. cxd6
Ng6 22. Bd2 Re6 23. Qd5 Qb8 24. d4 Qxd6 25. Qxd6 Rxd6 26. dxe5 fxe5 27. Bc3 Rd3
28. Bxe5 d6 29. Bxd6 Ra8 30. Bc7 Rxa3 31. Bxb6 Rb8 32. Bc5 h6 33. b5 Rc3 34.
Bd4 Rcc8 35. b6 Rb7 36. Kf1 Kg8 37. Ra1 Ra8 38. Ra3 Kf7 39. Rea1 Ne7 40. Rxa4
Rxa4 41. Rxa4 Nd5 42. Ra7 Rxa7 43. bxa7 Nc7 44. Nd2 g5 45. Nc4 Ke6 46. Nb6 h5
47. a8=Q Nxa8 48. Nxa8 Kd5 49. Be3 g4 50. f3 gxf3 51. gxf3 Ke5 52. Kf2 Kf6 53.
Kg3 Kg6 54. Kf4 Kf6 55. Bd4+ Kf7 56. Kf5 1-0

[Event "4.liga A22 2019/2020"]
[Site "?"]
[Date "2020.01.26"]
[Round "7.4"]
[White "Slamena, Michal"]
[Black "Lopatievov, Alexander"]
[Result "1/2-1/2"]
[WhiteElo "2007"]
[BlackElo "1851"]
[PlyCount "98"]
[EventDate "2019.10.13"]
[WhiteTeam "ŠK Hlohovec B"]
[BlackTeam "ŠK KOMPLET Trnava - Modranka B"]

1. d4 c6 2. e4 d5 3. Nc3 dxe4 4. f3 exf3 5. Nxf3 Nf6 6. Bc4 e6 7. O-O Be7 8.
Qd3 b5 9. Bb3 b4 10. Ne4 Ba6 11. Nxf6+ Bxf6 12. Bc4 Bxc4 13. Qxc4 Qd6 14. Bd2
a5 15. a3 bxa3 16. Rxa3 Nd7 17. Bxa5 Rb8 18. c3 c5 19. dxc5 Qxc5+ 20. Qxc5 Nxc5
21. Bc7 Rc8 22. Bd6 Ne4 23. Bb4 Nc5 24. Ra5 Be7 25. Ra7 f6 26. Nd4 Kf7 27. Re1
Rhe8 28. Bxc5 Rxc5 29. Nxe6 Re5 30. Rxe5 fxe5 31. Ra6 Rb8 32. Nc7 Rxb2 33. Rc6
e4 34. Nd5 Bf6 35. g3 Rc2 36. h4 Be5 37. Rc4 e3 38. Nxe3 Rxc3 39. Rxc3 Bxc3 40.
Kg2 Bd2 41. Nc4 Bc3 42. Kf3 Ke6 43. g4 g6 44. Kf4 h6 45. h5 gxh5 46. gxh5 Bf6
47. Ke4 Bg5 48. Ne5 Bc1 49. Nf3 Kf6 1/2-1/2

[Event "4.liga A22 2019/2020"]
[Site "?"]
[Date "2020.01.26"]
[Round "7.4"]
[White "Kramar, Matus"]
[Black "Tupy, Bystrik"]
[Result "1/2-1/2"]
[WhiteElo "1670"]
[BlackElo "1727"]
[PlyCount "40"]
[EventDate "2019.10.13"]
[WhiteTeam "ŠK KOMPLET Trnava - Modranka B"]
[BlackTeam "ŠK Hlohovec B"]

1. f4 d5 2. d4 Nc6 3. Nf3 Bg4 4. e3 e6 5. Be2 Bb4+ 6. c3 Bd6 7. O-O Nf6 8. Bd2
Ne4 9. Be1 h5 10. Nbd2 f5 11. Bh4 Be7 12. Bxe7 Qxe7 13. Nxe4 fxe4 14. Ne5 Nxe5
15. fxe5 Qg5 16. Qd2 O-O-O 17. Bxg4 hxg4 18. g3 Rdf8 19. Rf4 Rxf4 20. exf4 Qf5
1/2-1/2

[Event "4.liga A22 2019/2020"]
[Site "?"]
[Date "2020.01.26"]
[Round "7.4"]
[White "Tupy, Emil"]
[Black "Lezovic, Maros"]
[Result "0-1"]
[WhiteElo "1611"]
[BlackElo "1836"]
[PlyCount "100"]
[EventDate "2019.10.13"]
[WhiteTeam "ŠK Hlohovec B"]
[BlackTeam "ŠK KOMPLET Trnava - Modranka B"]

1. Nf3 d5 2. d4 Nf6 3. Nc3 Bg4 4. Ne5 Bd7 5. g3 e6 6. Bg2 Bd6 7. f4 Nc6 8. Nxd7
Qxd7 9. O-O b6 10. a3 Nxd4 11. Be3 Nf5 12. Bf2 Bc5 13. Bxc5 bxc5 14. Qd3 Rd8
15. Qb5 Qxb5 16. Nxb5 c6 17. Nc3 Ne3 18. Rfc1 Rb8 19. b3 O-O 20. h3 Nxg2 21.
Kxg2 a5 22. g4 h6 23. Rab1 Ne4 24. Nxe4 dxe4 25. c4 f5 26. e3 Kf7 27. Kg3 Rfd8
28. Rd1 Ke7 29. Rxd8 Rxd8 30. Kf2 Rd2+ 31. Kg3 Re2 32. b4 Rxe3+ 33. Kf2 Rf3+
34. Ke2 cxb4 35. axb4 axb4 36. Rxb4 Rxh3 37. Rb7+ Kf6 38. g5+ hxg5 39. fxg5+
Kxg5 40. Rxg7+ Kf4 41. Rc7 Rc3 42. Rxc6 e5 43. Rc8 e3 44. c5 Ke4 45. c6 f4 46.
c7 f3+ 47. Kd1 e2+ 48. Kd2 Rc6 49. Rd8 Rxc7 50. Ra8 Rd7+ 0-1

[Event "4.liga A22 2019/2020"]
[Site "?"]
[Date "2020.01.26"]
[Round "7.4"]
[White "Zarecky, Eduard"]
[Black "Jancicka, Viliam"]
[Result "1-0"]
[WhiteElo "1794"]
[BlackElo "1586"]
[PlyCount "49"]
[EventDate "2019.10.13"]
[WhiteTeam "ŠK KOMPLET Trnava - Modranka B"]
[BlackTeam "ŠK Hlohovec B"]

1. d4 d5 2. c4 Nf6 3. Nc3 b6 4. Nf3 e6 5. a3 Be7 6. e3 O-O 7. cxd5 exd5 8. Qc2
Bg4 9. Ne5 Bh5 10. Nb5 c5 11. dxc5 Bxc5 12. b4 Bd6 13. Nxd6 Qxd6 14. Bb2 Re8
15. Qf5 Bg6 16. Nxg6 hxg6 17. Qf3 Nbd7 18. Bb5 a6 19. Ba4 Rac8 20. O-O Ne4 21.
Rfd1 Ne5 22. Qxe4 Nc4 23. Qd4 Nxb2 24. Qxb2 Re5 25. Rd4 1-0

[Event "4.liga A22 2019/2020"]
[Site "?"]
[Date "2020.01.26"]
[Round "7.4"]
[White "Motycka, Juraj"]
[Black "Dobis, Pavol"]
[Result "1/2-1/2"]
[WhiteElo "1498"]
[BlackElo "1578"]
[PlyCount "50"]
[EventDate "2019.10.13"]
[WhiteTeam "ŠK Hlohovec B"]
[BlackTeam "ŠK KOMPLET Trnava - Modranka B"]

1. e4 c5 2. Nf3 d6 3. d4 cxd4 4. Nxd4 Nf6 5. Nc3 g6 6. g3 Bg7 7. Bg2 O-O 8. O-O
a6 9. Nd5 e5 10. Nxf6+ Bxf6 11. Ne2 Nc6 12. Nc3 Ne7 13. Nd5 Nxd5 14. exd5 b5
15. Bh6 Bg7 16. Be3 Bf5 17. Qd2 Rc8 18. Rac1 Qc7 19. c3 Qc4 20. b3 Qc7 21. Rfe1
Qd7 22. c4 bxc4 23. bxc4 Rfe8 24. c5 dxc5 25. Bxc5 e4 1/2-1/2

[Event "4.liga A22 2019/2020"]
[Site "?"]
[Date "2020.01.26"]
[Round "7.5"]
[White "Kincel, Frantisek"]
[Black "Bugar, Peter"]
[Result "1-0"]
[WhiteElo "1828"]
[BlackElo "2010"]
[PlyCount "101"]
[EventDate "2019.10.13"]
[WhiteTeam "ŠK Šúrovce"]
[BlackTeam "ŠK Dunajská Streda C"]

1. b3 d5 2. Bb2 Nf6 3. e3 c5 4. Nf3 Nc6 5. Bb5 Bg4 6. h3 Bh5 7. Bxc6+ bxc6 8.
d3 e6 9. Nbd2 Be7 10. g4 Bg6 11. Ne5 Bd6 12. Nxg6 hxg6 13. Qe2 e5 14. O-O-O a5
15. a4 Qe7 16. Rde1 Nd7 17. Qf1 Nb6 18. f4 f6 19. fxe5 fxe5 20. Qg2 O-O-O 21.
Bc3 Qa7 22. Rhf1 Rhf8 23. Rxf8 Rxf8 24. Rf1 Rxf1+ 25. Nxf1 Kd7 26. Qf3 Ke7 27.
Nd2 d4 28. Bb2 Nd5 29. Nc4 Qc7 30. e4 Nf4 31. Kb1 Qd8 32. Bc1 g5 33. Bd2 Bc7
34. Kc1 Qh8 35. Nxa5 Qxh3 36. Qxh3 Nxh3 37. Nc4 Kf6 38. Be1 Nf4 39. a5 Ke6 40.
a6 Bb8 41. Ba5 Kd7 42. Nxe5+ Kc8 43. Nxc6 Bd6 44. e5 Bf8 45. Na7+ Kb8 46. Nb5
Nd5 47. Bd8 Nb4 48. a7+ Kb7 49. Bxg5 Nc6 50. e6 g6 51. Bf6 1-0

[Event "4.liga A22 2019/2020"]
[Site "?"]
[Date "2020.01.26"]
[Round "7.5"]
[White "Matis, Tibor"]
[Black "Cvirik, Vladimir"]
[Result "1/2-1/2"]
[WhiteElo "1973"]
[BlackElo "1824"]
[PlyCount "127"]
[EventDate "2019.10.13"]
[WhiteTeam "ŠK Dunajská Streda C"]
[BlackTeam "ŠK Šúrovce"]

1. e4 c5 2. Nf3 Nc6 3. d4 cxd4 4. Nxd4 g6 5. c4 Bg7 6. Be3 Nf6 7. Nc3 O-O 8.
Be2 d6 9. O-O Nd7 10. Rc1 Nc5 11. a3 Ne6 12. Nxc6 bxc6 13. b4 Bb7 14. f3 f5 15.
exf5 Rxf5 16. Bd3 Rf8 17. Qd2 Nc7 18. Bh6 e5 19. Bxg7 Kxg7 20. Ne4 Ne6 21. Bb1
Nd4 22. Qe3 Qe7 23. c5 d5 24. Nd6 Ba6 25. Rfe1 Qf6 26. Rcd1 Nb5 27. Nxb5 Bxb5
28. Qxe5 Qxe5 29. Rxe5 a5 30. Bd3 Bxd3 31. Rxd3 axb4 32. axb4 Rab8 33. Rb3 Kf6
34. Re2 Rf7 35. Kf2 Rfb7 36. Reb2 d4 37. Ra3 Ke5 38. f4+ Kd5 39. Re2 Rxb4 40.
Re5+ Kc4 41. Ra6 Rb2+ 42. Kf1 Rb1+ 43. Kf2 R8b2+ 44. Kg3 Rc1 45. Kh3 d3 46.
Rxc6 d2 47. Rd6 d1=Q 48. Rxd1 Rxd1 49. c6 Rd6 50. c7 Rc6 51. Re7 Rb5 52. Rxh7
Rh5+ 53. Rxh5 gxh5 54. Kh4 Rxc7 55. Kxh5 Kd5 56. g4 Ke6 57. Kg6 Rc4 58. f5+ Ke7
59. h3 Kf8 60. Kg5 Rc1 61. h4 Rf1 62. Kg6 Rf4 63. Kg5 Rf1 64. Kg6 1/2-1/2

[Event "4.liga A22 2019/2020"]
[Site "?"]
[Date "2020.01.26"]
[Round "7.5"]
[White "Foltinovic, Tomas"]
[Black "Mezes, Kristof"]
[Result "1/2-1/2"]
[WhiteElo "1666"]
[BlackElo "1702"]
[PlyCount "77"]
[EventDate "2019.10.13"]
[WhiteTeam "ŠK Šúrovce"]
[BlackTeam "ŠK Dunajská Streda C"]

1. d4 e6 2. Nf3 d5 3. c3 f5 4. Bf4 Bd6 5. Be5 Bxe5 6. Nxe5 Nd7 7. e3 Qf6 8. f4
Nxe5 9. dxe5 Qf7 10. g3 Ne7 11. Na3 a6 12. c4 O-O 13. Qc2 Rd8 14. Rd1 Bd7 15.
Bg2 Bc6 16. O-O dxc4 17. Nxc4 Bxg2 18. Kxg2 Nc6 19. a3 Qe7 20. Nd2 Rd7 21. Nf3
Rad8 22. Qb3 Na5 23. Qc2 c5 24. Qa4 Nc6 25. Kf2 Rd3 26. Ke2 Qd7 27. Qc2 Rxd1
28. Rxd1 Qe7 29. Rxd8+ Nxd8 30. Nd2 b5 31. e4 g6 32. exf5 gxf5 33. Nb3 c4 34.
Nd4 Qd7 35. Qd2 Qd5 36. Nf3 Qe4+ 37. Qe3 Qc2+ 38. Qd2 Qe4+ 39. Qe3 1/2-1/2

[Event "4.liga A22 2019/2020"]
[Site "?"]
[Date "2020.01.26"]
[Round "7.5"]
[White "Kiss, Balazs"]
[Black "Milec, Gustav"]
[Result "1/2-1/2"]
[WhiteElo "1390"]
[BlackElo "1557"]
[PlyCount "137"]
[EventDate "2019.10.13"]
[WhiteTeam "ŠK Dunajská Streda C"]
[BlackTeam "ŠK Šúrovce"]

1. e4 e5 2. Nf3 Nc6 3. Nc3 Nf6 4. Be2 Bc5 5. d3 h6 6. O-O O-O 7. h3 d6 8. Be3
Bb6 9. d4 exd4 10. Nxd4 Nxd4 11. Bxd4 Bxd4 12. Qxd4 Qe7 13. Bf3 Nh7 14. Rad1
Ng5 15. Nd5 Nxf3+ 16. gxf3 Qh4 17. e5 Qg5+ 18. Kh2 dxe5 19. Qe4 Qh5 20. Ne7+
Kh8 21. Nxc8 Rfxc8 22. Rg1 c6 23. Rd7 b5 24. Re7 Re8 25. Rxe8+ Rxe8 26. Qxc6
Re6 27. Qa8+ Kh7 28. Qe4+ f5 29. Qd5 Qe8 30. Qd3 g6 31. Rd1 Re7 32. b3 Qc6 33.
c4 b4 34. Qd6 Qb7 35. c5 Rc7 36. c6 Qxc6 37. Qxc6 Rxc6 38. Rd7+ Kg8 39. Rxa7
Rb6 40. Ra5 Kf7 41. Rxe5 Kf6 42. Ra5 f4 43. a4 bxa3 44. Rxa3 h5 45. Kg1 Ke5 46.
Kf1 Kd4 47. Ra4+ Ke5 48. Re4+ Kf5 49. b4 Rc6 50. b5 Rc3 51. Ke2 Rb3 52. Rc4
Rxb5 53. Kd3 Rb3+ 54. Ke2 Kg5 55. Kf1 Rxf3 56. Kg2 Rb3 57. Rd4 Kf5 58. Rc4 h4
59. Rc5+ Kf6 60. Rc4 g5 61. Ra4 f3+ 62. Kh2 Rb2 63. Kg1 Kf5 64. Rc4 Rb1+ 65.
Kh2 Rf1 66. Rc2 g4 67. hxg4+ Kxg4 68. Rc4+ Kh5 69. Rxh4+ 1/2-1/2

[Event "4.liga A22 2019/2020"]
[Site "?"]
[Date "2020.01.26"]
[Round "7.5"]
[White "Karel, Branislav"]
[Black "Rakasz, Botond"]
[Result "0-1"]
[WhiteElo "1415"]
[BlackElo "1247"]
[PlyCount "46"]
[EventDate "2019.10.13"]
[WhiteTeam "ŠK Šúrovce"]
[BlackTeam "ŠK Dunajská Streda C"]

1. e4 e5 2. Nf3 Nc6 3. Bb5 Bc5 4. O-O Nf6 5. d3 O-O 6. h3 d6 7. c3 d5 8. d4
dxe4 9. Nxe5 Nxd4 10. cxd4 Bxd4 11. Ng4 Nxg4 12. hxg4 c6 13. Ba4 Re8 14. Qe2
Qh4 15. Be3 Bxg4 16. Qe1 Bxb2 17. f3 Qxe1 18. Rxe1 exf3 19. Nd2 Bxa1 20. gxf3
Bd4 21. Kf2 Bxe3+ 22. Rxe3 Rxe3 23. Kxe3 Be6 0-1

[Event "4.liga A22 2019/2020"]
[Site "?"]
[Date "2020.01.26"]
[Round "7.6"]
[White "Farkas, Gabor"]
[Black "Kalmar, Tamas"]
[Result "1-0"]
[WhiteElo "2355"]
[BlackElo "2060"]
[PlyCount "55"]
[EventDate "2019.10.13"]

1. e4 {[%emt 0:00:00]} e6 2. d4 d5 3. Nc3 dxe4 4. Nxe4 Bd7 5. Nf3 Bc6 6. Bd3
Nd7 7. O-O Ngf6 8. Neg5 Bd6 9. Re1 Bxf3 10. Qxf3 c6 11. Qh3 Nf8 12. Bd2 Qe7 13.
c4 O-O-O 14. b4 Kb8 15. Rab1 h6 16. Ne4 Bc7 17. b5 cxb5 18. Rxb5 Rxd4 19. Bc3
Rxd3 20. Qxd3 N8d7 21. Bb4 Qd8 22. Nxf6 Nxf6 23. Qf3 Qc8 24. Bc3 e5 25. Bxe5
Bxe5 26. Rbxe5 Qxc4 27. Re7 Qb4 28. Qg3+ 1-0

[Event "4.liga A22 2019/2020"]
[Site "?"]
[Date "2020.01.26"]
[Round "7.6"]
[White "Meszaros, Lorant"]
[Black "Koloditsova, Renata"]
[Result "0-1"]
[WhiteElo "1921"]
[BlackElo "2008"]
[PlyCount "82"]
[EventDate "2019.10.13"]

1. d4 {[%emt 0:00:00]} d5 2. c4 c6 3. Nf3 Nf6 4. g3 dxc4 5. Bg2 b5 6. a4 Bb7 7.
b3 cxb3 8. Qxb3 a6 9. O-O e6 10. Ba3 Bxa3 11. Nxa3 O-O 12. Rfd1 Nbd7 13. Ne5
Nd5 14. e4 N5b6 15. Nxd7 Qxd7 16. a5 Nc8 17. Rac1 Ne7 18. Rc5 Rfd8 19. Nc2 Rac8
20. Ne3 Qe8 21. Nc4 Ba8 22. Nb6 Rb8 23. Qc3 Bb7 24. h4 h6 25. Kh2 Nc8 26. Nxc8
Rbxc8 27. e5 Qd7 28. f4 Ba8 29. Be4 g6 30. h5 Kg7 31. Qf3 Qe8 32. g4 Qe7 33.
Kh3 Rc7 34. hxg6 fxg6 35. f5 Qg5 36. fxe6 Rf8 37. Qg3 Rf4 38. Bf3 Re7 39. Bxc6
Bxc6 40. Rxc6 h5 41. Rg1 Rxg4 0-1

[Event "4.liga A22 2019/2020"]
[Site "?"]
[Date "2020.01.26"]
[Round "7.6"]
[White "Kosar, Mikulas"]
[Black "Szocs, Ladislav"]
[Result "0-1"]
[WhiteElo "1852"]
[BlackElo "1779"]
[PlyCount "70"]
[EventDate "2019.10.13"]

1. d4 Nf6 2. Bf4 g6 3. Nf3 Bg7 4. c3 O-O 5. Nbd2 d5 6. e3 a5 7. Bd3 c5 8. h3
Nc6 9. Ne5 cxd4 10. exd4 Nd7 11. Nxc6 bxc6 12. Qc2 e5 13. dxe5 Nxe5 14. Bxe5
Bxe5 15. Nf3 Bf6 16. O-O Rb8 17. Rad1 Qb6 18. Rb1 c5 19. b3 Be6 20. Rfe1 Qc6
21. c4 dxc4 22. Bxc4 Bxh3 23. Rbd1 Rbd8 24. Rxd8 Rxd8 25. Qe2 Bg4 26. Qe3 Bxf3
27. gxf3 Qd6 28. Kg2 Qd4 29. Qh6 Qh4 30. Qe3 Bd4 31. Qe2 Kg7 32. Rh1 Qg5+ 33.
Kf1 Bxf2 34. Qb2+ Bd4 35. Qh2 Qc1+ 0-1

[Event "4.liga A22 2019/2020"]
[Site "?"]
[Date "2020.01.26"]
[Round "7.6"]
[White "Both, Lajos"]
[Black "Bott, Tamas"]
[Result "1-0"]
[WhiteElo "1701"]
[BlackElo "1664"]
[PlyCount "67"]
[EventDate "2019.10.13"]

1. Nf3 {[%emt 0:00:00]} g6 2. e4 Bg7 3. d4 d6 4. c4 Nc6 5. d5 Ne5 6. Nxe5 Bxe5
7. f4 Bg7 8. Bd3 e6 9. O-O h5 10. Nc3 Nf6 11. h3 h4 12. Be3 Nh5 13. f5 Ng3 14.
Rf3 exf5 15. exf5 Bxf5 16. Bxf5 Nxf5 17. Bf2 Qe7 18. Qd3 O-O-O 19. Re1 Be5 20.
b4 Rh5 21. a4 Ng3 22. Nb5 a6 23. Nd4 g5 24. a5 g4 25. hxg4 h3 26. Rxg3 Bxg3 27.
Bxg3 h2+ 28. Kh1 Re5 29. Bxe5 dxe5 30. Qf5+ Kb8 31. Qxe5 Qxb4 32. Qe7 Rd6 33.
Nf5 Re6 34. Qxb4 1-0

[Event "4.liga A22 2019/2020"]
[Site "?"]
[Date "2020.01.26"]
[Round "7.6"]
[White "Sandor, Stefan"]
[Black "Sido, Daniel"]
[Result "1-0"]
[WhiteElo "1563"]
[BlackElo "1580"]
[PlyCount "163"]
[EventDate "2019.10.13"]

1. e4 e5 2. Nf3 Nc6 3. Bc4 h6 4. d3 Bc5 5. Nc3 a6 6. O-O d6 7. h3 Na5 8. Bb3
Nxb3 9. axb3 Ne7 10. Qe2 O-O 11. Be3 Bxe3 12. Qxe3 f5 13. exf5 Bxf5 14. Nh2 Nc6
15. Ne2 Qd7 16. Rae1 Rae8 17. Ng3 Nd4 18. Qd2 Be6 19. Ne2 Nf5 20. g4 Nh4 21. f4
Qc6 22. Rf2 Rf7 23. f5 Ref8 24. Ng3 Bd5 25. Ne4 Qb6 26. Qe3 Qb4 27. Qd2 Qb6 28.
Qe3 Qb4 29. Nc3 Bc6 30. Qg3 g5 31. Ref1 Qd4 32. Re1 Ng2 33. Ree2 Nf4 34. Re3 b5
35. Nf1 b4 36. Na4 Bxa4 37. bxa4 Qxb2 38. Re4 a5 39. Ne3 Qa1+ 40. Kh2 Qxa4 41.
Nc4 d5 42. Nxe5 dxe4 43. Nxf7 Rxf7 44. dxe4 Qa1 45. Qe3 Qc3 46. Qxc3 bxc3 47.
Rf3 Rd7 48. Rxc3 Rd2+ 49. Kh1 Re2 50. Rxc7 Rxe4 51. c4 a4 52. c5 Rc4 53. c6 Nd5
54. Ra7 Rc3 55. Rxa4 Rxc6 56. Rd4 Nf4 57. Rd8+ Kf7 58. Rd7+ Kf6 59. Rh7 Ke5 60.
Re7+ Kd4 61. Kh2 Rc2+ 62. Kh1 Rc6 63. Kh2 Kd5 64. Re1 Rc2+ 65. Kg3 Rg2+ 66. Kf3
Rc2 67. Rd1+ Ke5 68. Re1+ Kf6 69. h4 Rc3+ 70. Re3 Rc1 71. hxg5+ Kxg5 72. f6
Rf1+ 73. Ke4 Kxg4 74. Ke5 Ng6+ 75. Ke6 h5 76. Kf7 Nf4 77. Kg7 Ng2 78. Re8 Nh4
79. f7 Nf5+ 80. Kg6 Nh6 81. f8=Q Rxf8 82. Rxf8 1-0

[Event "4.liga A22 2019/2020"]
[Site "?"]
[Date "2020.02.09"]
[Round "8.1"]
[White "Kozinka, Roman"]
[Black "Kalmar, Tamas"]
[Result "1/2-1/2"]
[WhiteElo "1940"]
[BlackElo "2033"]
[PlyCount "27"]
[EventDate "2019.10.13"]
[WhiteTeam "ŠK KOMPLET Trnava - Modranka juniori"]
[BlackTeam "DSC Potôňska veža C"]

1. d4 d5 2. Nf3 Nf6 3. e3 g6 4. c4 Bg7 5. Nc3 O-O 6. cxd5 Nxd5 7. Qb3 Nxc3 8.
bxc3 b6 9. Be2 Bb7 10. O-O Nd7 11. Ba3 Re8 12. Rfd1 e6 13. Rac1 Qc8 14. Qa4
1/2-1/2

[Event "4.liga A22 2019/2020"]
[Site "?"]
[Date "2020.02.09"]
[Round "8.1"]
[White "Meszaros, Lorant"]
[Black "Skreko, Igor"]
[Result "1-0"]
[WhiteElo "1895"]
[BlackElo "1807"]
[PlyCount "91"]
[EventDate "2019.10.13"]
[WhiteTeam "DSC Potôňska veža C"]
[BlackTeam "ŠK KOMPLET Trnava - Modranka juniori"]

1. d4 Nf6 2. c4 g6 3. Nf3 Bg7 4. Nc3 O-O 5. e4 d6 6. g3 a6 7. a4 Nbd7 8. Bg2 e5
9. O-O Re8 10. h3 exd4 11. Nxd4 Ne5 12. b3 Bd7 13. Be3 Nc6 14. Ra2 Qc8 15. Kh2
Kh8 16. Re2 Ng8 17. Nxc6 bxc6 18. Qc2 Ne7 19. Rd1 h6 20. c5 dxc5 21. Bxc5 g5
22. a5 Ng6 23. Bd4 Bxd4 24. Rxd4 Rb8 25. Na4 Be6 26. Nc5 Rb5 27. b4 Kg8 28.
Red2 Ne5 29. f4 Nc4 30. Rxc4 Bxc4 31. Qxc4 gxf4 32. gxf4 Rd8 33. Rd4 Rd6 34. e5
Rg6 35. Be4 Rg7 36. Bxc6 Rb8 37. e6 fxe6 38. Bd7 Qf8 39. Nxe6 Rxb4 40. Nxf8+
Rxc4 41. Rxc4 Kxf8 42. Rxc7 Rf7 43. Kg3 h5 44. f5 Re7 45. Rc8+ Kg7 46. Be6 1-0